[Event "2BLW 2122 SC Remagen Sinzig - SF Neuber"]
[Site "?"]
[Date "2022.07.02"]
[Round "9.8"]
[White "Huhndorf, Arnold"]
[Black "Bethke, Robert"]
[Result "0-1"]
[WhiteElo "2186"]
[BlackElo "2070"]
[PlyCount "46"]
[EventDate "2022.??.??"]

1. d4 d6 2. c4 e5 3. d5 g6 4. Nc3 Bg7 5. e4 Ne7 6. h4 h5 7. Nh3 Bxh3 8. Rxh3
Nd7 9. Bd3 Nf6 10. b4 c6 11. Bg5 O-O 12. Qb3 Kh8 13. b5 Qd7 14. a4 Rac8 15. Na2
cxd5 16. cxd5 Nfxd5 17. exd5 e4 18. Rc1 exd3 19. Rxd3 Nf5 20. g3 Rfe8+ 21. Kf1
Nd4 22. Qd1 Qh3+ 23. Kg1 Ne2+ 0-1

[Event "2BLW 2122 SK Münster - SC Heimbach-Wei"]
[Site "?"]
[Date "2022.07.02"]
[Round "9.1"]
[White "Livaic, Leon"]
[Black "Muschik, Benedikt"]
[Result "1-0"]
[WhiteElo "2569"]
[BlackElo "2341"]
[PlyCount "129"]
[EventDate "2022.??.??"]

1. d4 g6 2. e4 Bg7 3. Nf3 d6 4. c3 Nc6 5. h3 e5 6. Be3 Nf6 7. Nbd2 O-O 8. dxe5
dxe5 9. Bb5 Bd7 10. a4 Qe7 11. O-O Rad8 12. b4 b6 13. Qb3 Rfe8 14. Rfd1 Nb8 15.
Bc4 Be6 16. a5 h6 17. axb6 axb6 18. b5 Nbd7 19. Bxe6 Qxe6 20. Qc2 c6 21. Qa4
Rc8 22. c4 cxb5 23. Qxb5 Nc5 24. Bxc5 Rxc5 25. Qb2 Bf8 26. Ra7 Rc6 27. Rda1 Bc5
28. Rb7 Rd6 29. Raa7 Rd7 30. Rxd7 Nxd7 31. Nb3 Nf6 32. Nxc5 bxc5 33. Qe2 Qc6
34. Qe3 Kg7 35. Nd2 Rd8 36. Qc3 Qd6 37. Nf3 Re8 38. Qb3 Qe6 39. Qd3 Qc6 40. Nd2
Qb6 41. Ra1 Rd8 42. Qc3 Qd6 43. Ra2 Qd4 44. Qxd4 Rxd4 45. f3 Nh5 46. Rc2 Rd3
47. Kf2 Nf4 48. Nf1 Ne6 49. Ne3 Nd4 50. Ra2 Ne6 51. Ng4 Rd4 52. Nxe5 h5 53. Ra7
Kf6 54. Nd7+ Kg7 55. Ke3 Rxc4 56. Ne5 Rc3+ 57. Kd2 Rb3 58. Rxf7+ Kg8 59. Rf6
Nf8 60. Nxg6 Nh7 61. Rc6 Rb2+ 62. Kc3 Rxg2 63. Nf4 Rg3 64. h4 Kf7 65. Rxc5 1-0

[Event "2BLW 2122 SK Münster - SC Heimbach-Wei"]
[Site "?"]
[Date "2022.07.02"]
[Round "9.2"]
[White "Wolter, Kai"]
[Black "Krejci, Jan"]
[Result "0-1"]
[WhiteElo "2278"]
[BlackElo "2508"]
[PlyCount "154"]
[EventDate "2022.??.??"]

1. e4 c5 2. Nf3 e6 3. d4 cxd4 4. Nxd4 Nc6 5. Nc3 a6 6. Be3 Nf6 7. Be2 Bb4 8.
Nxc6 bxc6 9. O-O d5 10. Na4 O-O 11. Nb6 Rb8 12. Nxc8 Qxc8 13. exd5 cxd5 14. c4
Rd8 15. cxd5 Nxd5 16. Rc1 Qb7 17. Bf3 Qb5 18. Bxd5 Rxd5 19. Qc2 Bd6 20. b3 f5
21. f4 Rd8 22. Rfd1 Ba3 23. Rb1 a5 24. Rxd5 Qxd5 25. h3 h6 26. Re1 Bb4 27. Rc1
Ba3 28. Re1 Rd7 29. Bf2 Kf7 30. Qe2 Bb4 31. Rf1 Qe4 32. Qxe4 fxe4 33. Be3 Rd3
34. Kf2 Bd2 35. Bb6 a4 36. bxa4 Ra3 37. a5 Rxa2 38. Rb1 Bxf4+ 39. Kf1 Bd2 40.
g4 Bxa5 41. Bxa5 Rxa5 42. Rb4 Ra1+ 43. Kf2 Ra2+ 44. Ke3 Ra3+ 45. Kxe4 Rxh3 46.
Ke5 Re3+ 47. Kf4 Re1 48. Rb7+ Kf6 49. Rb6 Ra1 50. Rc6 Ra3 51. g5+ hxg5+ 52. Kg4
Ra4+ 53. Kg3 Kf5 54. Rc7 Ra3+ 55. Kg2 Kf6 56. Rc6 g4 57. Rb6 g6 58. Rc6 Kf5 59.
Rc8 g3 60. Rf8+ Kg4 61. Re8 Ra2+ 62. Kg1 Re2 63. Rg8 g5 64. Re8 e5 65. Re7 e4
66. Re8 e3 67. Re7 Re1+ 68. Kg2 e2 69. Re8 Rf1 70. Re4+ Rf4 71. Rxe2 Rf2+ 72.
Rxf2 gxf2 73. Kxf2 Kh3 74. Kg1 g4 75. Kh1 g3 76. Kg1 g2 77. Kf2 Kh2 0-1

[Event "2BLW 2122 SK Münster - SC Heimbach-Wei"]
[Site "?"]
[Date "2022.07.02"]
[Round "9.3"]
[White "Polak, Tomas"]
[Black "Schmitzer, Klaus"]
[Result "1-0"]
[WhiteElo "2509"]
[BlackElo "2276"]
[PlyCount "135"]
[EventDate "2022.??.??"]

1. d4 e6 2. c4 b6 3. Nc3 Bb7 4. Nf3 f5 5. a3 Nf6 6. d5 Na6 7. b4 Be7 8. Bb2 O-O
9. e3 Ne4 10. Qc2 Bf6 11. Nxe4 Bxb2 12. Qxb2 fxe4 13. Nd2 Qh4 14. g3 Qh5 15. h4
Rae8 16. Rh2 exd5 17. cxd5 Kh8 18. Rd1 Nb8 19. d6 Nc6 20. Be2 Qe5 21. Qxe5 Nxe5
22. dxc7 Rc8 23. Rc1 d5 24. Nb3 Rf7 25. Kd2 Nc4+ 26. Bxc4 dxc4 27. Nd4 Rcxc7
28. g4 a6 29. a4 Bc8 30. g5 Bd7 31. b5 g6 32. Kc3 a5 33. Rc2 Kg7 34. Rd2 h6 35.
gxh6+ Kxh6 36. Ne2 Bg4 37. Nf4 Rfd7 38. Rxd7 Rxd7 39. Rg2 Bf5 40. Rg1 Rd6 41.
Kc2 Rf6 42. Kb2 Be6 43. Rg5 Bf5 44. Kc3 Rf8 45. Rg1 Rd8 46. Kc2 Rh8 47. Rd1 Kg7
48. Nd5 Rxh4 49. Nxb6 Rh2 50. Rd2 Be6 51. Nd7 Kf7 52. b6 Bxd7 53. Rxd7+ Ke6 54.
Rd2 Rh7 55. Kc3 Rb7 56. Rb2 Kd5 57. Rb5+ Kc6 58. Kxc4 g5 59. Rf5 Rd7 60. Rf6+
Kb7 61. Kc5 Re7 62. Rf5 Rg7 63. Kb5 g4 64. Kxa5 g3 65. fxg3 Rxg3 66. Rf7+ Kc6
67. Rc7+ Kd6 68. Rc3 1-0

[Event "2BLW 2122 SK Münster - SC Heimbach-Wei"]
[Site "?"]
[Date "2022.07.02"]
[Round "9.4"]
[White "Chilla, Jan Eric"]
[Black "Winterberg, Lukas"]
[Result "0-1"]
[WhiteElo "2242"]
[BlackElo "2387"]
[PlyCount "84"]
[EventDate "2022.??.??"]

1. Nf3 Nf6 2. g3 d5 3. Bg2 e6 4. O-O Be7 5. b3 O-O 6. Bb2 c5 7. e3 Nc6 8. c4 d4
9. exd4 cxd4 10. Re1 Ng4 11. d3 f6 12. Na3 e5 13. Nc2 a5 14. Qd2 Bd7 15. a3 Rb8
16. b4 b5 17. c5 g5 18. Qe2 Qc7 19. Nd2 Rfe8 20. Bd5+ Kg7 21. h3 Nh6 22. Qh5
Bf5 23. Qf3 Rbc8 24. g4 Bg6 25. Ne4 Qd7 26. Ng3 Nd8 27. Bb3 Bf8 28. Rad1 Ne6
29. Bc1 Nf4 30. Bxf4 gxf4 31. Ne4 a4 32. Ba2 f5 33. gxf5 Nxf5 34. Kh2 Nh4 35.
Qe2 Kh8 36. Nf6 Qc6 37. Ne4 f3 38. Qd2 Bxe4 39. Rxe4 Bh6 40. Rxh4 Bxd2 41. Rxd2
Qf6 42. Rg4 h5 0-1

[Event "2BLW 2122 SK Münster - SC Heimbach-Wei"]
[Site "?"]
[Date "2022.07.02"]
[Round "9.5"]
[White "Schulz, Klaus-Juergen"]
[Black "Kamp, Christoph"]
[Result "1-0"]
[WhiteElo "2330"]
[BlackElo "2250"]
[PlyCount "128"]
[EventDate "2022.??.??"]

1. d4 d5 2. c4 e6 3. Nf3 c6 4. e3 f5 5. Bd3 Nf6 6. Nc3 Bd6 7. Qc2 Ne4 8. b3 O-O
9. Bb2 Nd7 10. O-O-O Qe7 11. Kb1 a5 12. c5 Bc7 13. Na4 e5 14. dxe5 Nxe5 15.
Nxe5 Bxe5 16. Bd4 Bxd4 17. exd4 Qf6 18. f3 Ng5 19. Nb6 Rb8 20. Qc3 Ne6 21. Bc2
f4 22. Rhe1 g6 23. Re5 Ng7 24. Rde1 Nf5 25. Bxf5 Bxf5+ 26. Kb2 Rf7 27. Qxa5
Rbf8 28. Qd2 g5 29. h3 h5 30. Kc3 Qh6 31. Rh1 Bh7 32. Qe2 Bf5 33. b4 Qg6 34.
Qd2 Qh6 35. a4 Bd7 36. Qe2 Bf5 37. b5 Qf6 38. bxc6 bxc6 39. a5 Ra7 40. Ra1 Qf7
41. Kb4 Qf6 42. Kc3 Kg7 43. Kb4 Rff7 44. Re1 Kh7 45. Qd2 h4 46. Re8 Kg7 47.
R1e5 Kh7 48. Qe2 Kg7 49. a6 Qg6 50. R5e7 Qf6 51. Re5 Qg6 52. Kc3 Qf6 53. Rd8
Kh6 54. Rde8 Kg7 55. Ra8 Rxa8 56. Nxa8 Ra7 57. Nb6 Kf7 58. Re8 Rxa6 59. Qxa6
Kxe8 60. Nxd5 Qg6 61. Qa8+ Kf7 62. Qb7+ Kf8 63. Qe7+ Kg8 64. Nf6+ Kh8 1-0

[Event "2BLW 2122 SK Münster - SC Heimbach-Wei"]
[Site "?"]
[Date "2022.07.02"]
[Round "9.6"]
[White "Rott, Georg"]
[Black "Ronge, Tim"]
[Result "0-1"]
[WhiteElo "2170"]
[BlackElo "2245"]
[PlyCount "122"]
[EventDate "2022.??.??"]

1. e4 c5 2. Nf3 Nc6 3. Bb5 Nf6 4. Nc3 Qc7 5. a3 e6 6. O-O Nd4 7. Re1 a6 8. Bf1
Ng4 9. g3 Nxf3+ 10. Qxf3 Ne5 11. Qe2 d6 12. d3 Be7 13. Bg2 Nc6 14. Qd1 Bd7 15.
Bd2 O-O 16. Ne2 Bf6 17. Rb1 b5 18. Be3 Rab8 19. Qd2 Nd4 20. Nc1 b4 21. Ne2
Nxe2+ 22. Qxe2 bxa3 23. bxa3 Bc3 24. Red1 Qa5 25. h4 Qxa3 26. h5 Qa2 27. Rbc1
a5 28. h6 g6 29. d4 cxd4 30. Bxd4 Bxd4 31. Rxd4 Rb1 32. Qd2 Rxc1+ 33. Qxc1 Rb8
34. Kh2 Qb2 35. Qd2 d5 36. exd5 e5 37. Rc4 Qb6 38. Qc3 f6 39. Qa3 Kf7 40. Qf3
Qd6 41. Qe3 Ra8 42. Qb3 Rb8 43. Qa2 Ra8 44. f4 exf4 45. Rxf4 g5 46. Rf2 f5 47.
Kg1 Kg6 48. g4 Qe5 49. gxf5+ Bxf5 50. c4 Rb8 51. c5 Rb1+ 52. Rf1 Rb2 53. Qa3
Qd4+ 54. Kh2 Qh4+ 55. Kg1 Qd4+ 56. Kh2 Be4 57. Rg1 Bxd5 58. Qg3 Qxg1+ 59. Kxg1
Rxg2+ 60. Qxg2 Bxg2 61. Kxg2 Kf5 0-1

[Event "2BLW 2122 SK Münster - SC Heimbach-Wei"]
[Site "?"]
[Date "2022.07.02"]
[Round "9.7"]
[White "Puth, Dieter"]
[Black "Wichtrup, Jan-Louis"]
[Result "0-1"]
[WhiteElo "2207"]
[BlackElo "2138"]
[PlyCount "74"]
[EventDate "2022.??.??"]

1. d4 Nf6 2. c4 e6 3. Nf3 d5 4. Nc3 c5 5. cxd5 Nxd5 6. e4 Nxc3 7. bxc3 cxd4 8.
cxd4 Bb4+ 9. Bd2 Bxd2+ 10. Qxd2 O-O 11. Bc4 Nd7 12. O-O b6 13. Rfe1 Bb7 14.
Rad1 Rc8 15. Bd3 Nf6 16. Qf4 h6 17. h4 Qc7 18. Qe3 Rfd8 19. Rc1 Qe7 20. e5 Nd7
21. Be4 Nf8 22. Re2 Bxe4 23. Rxc8 Bxf3 24. Rxd8 Bxe2 25. Rxf8+ Kxf8 26. Qxe2
Qxh4 27. Qc4 Qd8 28. g3 g6 29. Qc3 Qd5 30. Qa3+ Kg8 31. Qxa7 Qxd4 32. Qb8+ Kg7
33. a4 Qxa4 34. f4 b5 35. Qd8 Qa7+ 36. Kg2 b4 37. Qd3 Qb7+ 0-1

[Event "2BLW 2122 SK Münster - SC Heimbach-Wei"]
[Site "?"]
[Date "2022.07.02"]
[Round "9.8"]
[White "Weidemann, Jakob"]
[Black "Roos, Thomas"]
[Result "1/2-1/2"]
[WhiteElo "2047"]
[BlackElo "2164"]
[PlyCount "38"]
[EventDate "2022.??.??"]

1. Nf3 d6 2. d4 Nf6 3. c4 Nbd7 4. Nc3 e5 5. e4 Be7 6. Be2 O-O 7. O-O c6 8. h3
a6 9. Be3 b5 10. a3 Bb7 11. b4 Re8 12. Qb3 exd4 13. Bxd4 Bf8 14. Nd2 g6 15.
Rad1 Rb8 16. Rfe1 Bh6 17. Bf1 Ne5 18. Bxe5 dxe5 19. Qc2 Qe7 {(=)} 1/2-1/2

[Event "2BLW 2122 SG Bochum - SV Koblenz"]
[Site "?"]
[Date "2022.07.02"]
[Round "9.1"]
[White "Schenderowitsch, Michael"]
[Black "Hendriks, Willy"]
[Result "1/2-1/2"]
[WhiteElo "2307"]
[BlackElo "2441"]
[PlyCount "51"]
[EventDate "2022.??.??"]

1. d4 Nf6 2. c4 d6 3. Nc3 Nbd7 4. Nf3 g6 5. g3 Bg7 6. Bg2 O-O 7. O-O e5 8. h3
c6 9. e4 a5 10. Re1 exd4 11. Nxd4 Re8 12. b3 Nc5 13. Rb1 Nfd7 14. Be3 Ne5 15.
Re2 Qe7 16. Rd2 a4 17. Qc2 axb3 18. axb3 Qc7 19. Ndb5 cxb5 20. Nxb5 Qe7 21.
Nxd6 Na6 22. Nxe8 Qxe8 23. Qd1 Be6 24. Bd4 Nb4 25. Bc3 Qe7 26. Qe2 {(=)}
1/2-1/2

[Event "2BLW 2122 SG Bochum - SV Koblenz"]
[Site "?"]
[Date "2022.07.02"]
[Round "9.2"]
[White "Schlawin, Marlon"]
[Black "Fritsche, Lutz"]
[Result "1-0"]
[WhiteElo "2302"]
[BlackElo "2310"]
[PlyCount "73"]
[EventDate "2022.??.??"]

1. c4 e5 2. g3 Nc6 3. Bg2 Nf6 4. Nc3 g6 5. e3 Bg7 6. Nge2 O-O 7. O-O d6 8. d4
exd4 9. Nxd4 Ne5 10. b3 Bg4 11. f3 Bd7 12. e4 Re8 13. Bg5 h6 14. Be3 a6 15. Qd2
Kh7 16. Rac1 c6 17. Nde2 Bf8 18. h3 Bc8 19. f4 Ned7 20. Kh2 Qa5 21. Bd4 Bg7 22.
Rcd1 Kg8 23. Rf2 c5 24. Be3 Bf8 25. Rdf1 Qd8 26. e5 Nh7 27. exd6 Bxd6 28. Qxd6
Rxe3 29. f5 g5 30. Nd5 Re5 31. Qxh6 Ndf6 32. Nec3 Rb8 33. Rd1 Rxf5 34. Rxf5
Bxf5 35. Nxf6+ Qxf6 36. Qxf6 Nxf6 37. Rf1 1-0

[Event "2BLW 2122 SG Bochum - SV Koblenz"]
[Site "?"]
[Date "2022.07.02"]
[Round "9.3"]
[White "Hammes, Michael"]
[Black "Tkachuk, Konstantyn"]
[Result "1/2-1/2"]
[WhiteElo "2328"]
[BlackElo "2251"]
[PlyCount "98"]
[EventDate "2022.??.??"]

1. d4 c5 2. d5 e5 3. e4 d6 4. Be2 f5 5. Nc3 Nf6 6. Nf3 Be7 7. Bb5+ Bd7 8. Bxd7+
Qxd7 9. Ng5 fxe4 10. Ne6 Bd8 11. Bg5 Na6 12. Bxf6 Bxf6 13. Nxe4 b6 14. O-O Nc7
15. Qh5+ Ke7 16. Rad1 Nxe6 17. dxe6 Qxe6 18. Rxd6 Qxd6 19. Nxd6 Kxd6 20. c4
Rae8 21. Rd1+ Kc7 22. Qf5 Re7 23. Qe4 h6 24. g3 Rhe8 25. a3 a5 26. Kf1 Rb8 27.
Rd5 Rd7 28. h4 Rxd5 29. cxd5 Kd6 30. b3 b5 31. Ke2 Rb6 32. Kf3 Rb8 33. Qf5 Re8
34. Ke4 a4 35. bxa4 bxa4 36. Qf3 c4 37. Qc3 Rc8 38. Qb4+ Kd7 39. Qxa4+ Kd6 40.
Qb4+ Kd7 41. Qc3 Rc5 42. a4 Bd8 43. Qb4 Kd6 44. Qb8+ Kd7 45. Qxe5 c3 46. Qxg7+
Be7 47. Qxh6 c2 48. Qc1 Rc3 49. Kd4 Bf6+ 1/2-1/2

[Event "2BLW 2122 SG Bochum - SV Koblenz"]
[Site "?"]
[Date "2022.07.02"]
[Round "9.4"]
[White "Werthebach, Felix"]
[Black "Wolf, Volker"]
[Result "1-0"]
[WhiteElo "2201"]
[BlackElo "2241"]
[PlyCount "95"]
[EventDate "2022.??.??"]

1. c4 c5 2. Nc3 Nc6 3. g3 g6 4. Bg2 Bg7 5. a3 d6 6. Rb1 Bf5 7. e4 Bd7 8. Nge2
Qc8 9. d3 Bh3 10. Bxh3 Qxh3 11. Nf4 Qd7 12. h4 h5 13. Ncd5 e6 14. Ne3 Nge7 15.
b4 b6 16. Bb2 Bxb2 17. Rxb2 Ne5 18. Kf1 N7c6 19. Ne2 Nf3 20. Kg2 Nfd4 21. b5
Ne7 22. Nxd4 cxd4 23. Nc2 e5 24. Nb4 f5 25. Qf3 O-O 26. exf5 Qxf5 27. Qxf5 Nxf5
28. Nd5 Rf7 29. Re1 Raf8 30. Re4 Nh6 31. f4 Ng4 32. a4 Kg7 33. Ra2 Kh6 34. a5
bxa5 35. Rxa5 Ne3+ 36. Nxe3 dxe3 37. Kf3 e2 38. Ra1 Kg7 39. Kxe2 exf4 40. gxf4
d5 41. Rd4 dxc4 42. dxc4 Rxf4 43. Rxa7+ Kh6 44. Rxf4 Rxf4 45. c5 Rxh4 46. c6
Rc4 47. c7 h4 48. b6 1-0

[Event "2BLW 2122 SG Bochum - SV Koblenz"]
[Site "?"]
[Date "2022.07.02"]
[Round "9.6"]
[White "Backwinkel, Paul"]
[Black "Stewart, Neil"]
[Result "0-1"]
[WhiteElo "2290"]
[BlackElo "2243"]
[PlyCount "146"]
[EventDate "2022.??.??"]

1. Nf3 d5 2. e3 e6 3. c4 Nf6 4. b3 c5 5. d4 Nc6 6. Be2 dxc4 7. bxc4 cxd4 8.
exd4 Bb4+ 9. Bd2 Bxd2+ 10. Qxd2 Ne4 11. Qb2 Qa5+ 12. Nbd2 O-O 13. O-O Nxd2 14.
Nxd2 Rd8 15. Nb3 Qb4 16. Rfd1 Na5 17. Qd2 Qxd2 18. Rxd2 Nc6 19. Bf3 Rb8 20. Rb1
Bd7 21. Nc5 Be8 22. d5 Na5 23. Rc2 Rdc8 24. Nb3 Rxc4 25. Rxc4 Nxc4 26. dxe6
fxe6 27. Bg4 e5 28. Nc5 b6 29. Rb4 Bf7 30. h4 a5 31. Rb1 b5 32. Be6 Bxe6 33.
Nxe6 Rb6 34. Nc5 h6 35. Rc1 Rc6 36. Ne4 a4 37. Nd2 Kf7 38. a3 Ke6 39. Nxc4 bxc4
40. Kf1 Rc7 41. Ke2 Kd5 42. Rb1 Kd4 43. Rb4 Ra7 44. Kd2 e4 45. Rb8 c3+ 46. Kc2
Rf7 47. Rb4+ Kd5 48. Kxc3 Rxf2 49. Rxa4 Ke5 50. g4 Kf4 51. g5 hxg5 52. hxg5 Rg2
53. Ra7 g6 54. a4 Rg3+ 55. Kd2 Kxg5 56. a5 Ra3 57. a6 Kg4 58. Re7 Rxa6 59.
Rxe4+ Kf3 60. Re3+ Kf4 61. Rb3 Re6 62. Rb1 g5 63. Rf1+ Kg3 64. Rg1+ Kh4 65.
Rh1+ Kg4 66. Rg1+ Kh5 67. Rh1+ Kg6 68. Rg1 Re5 69. Re1 Rxe1 70. Kxe1 Kh5 71.
Kf2 Kh4 72. Kg2 Kg4 73. Kg1 Kg3 0-1

[Event "2BLW 2122 SG Bochum - SV Koblenz"]
[Site "?"]
[Date "2022.07.02"]
[Round "9.7"]
[White "Steinacker, Alex"]
[Black "Mazarov, Juergen"]
[Result "1-0"]
[WhiteElo "2300"]
[BlackElo "2125"]
[PlyCount "81"]
[EventDate "2022.??.??"]

1. g3 g6 2. Bg2 Bg7 3. Nf3 e5 4. d3 d6 5. c4 f5 6. Nc3 Nf6 7. Qc2 O-O 8. O-O h6
9. b4 Nc6 10. b5 Ne7 11. Ba3 g5 12. c5 Ng6 13. Qb3+ Kh7 14. cxd6 cxd6 15. Nd2
Qe7 16. Rac1 Be6 17. Nd5 Qf7 18. Nxf6+ Bxf6 19. Qa4 Rfd8 20. Rc2 d5 21. Rfc1 e4
22. Nb3 Ne5 23. Nc5 Bc8 24. b6 a6 25. Nxb7 Bxb7 26. Rc7 Rd7 27. Rxd7 Qxd7 28.
Rc7 Qxc7 29. bxc7 Rc8 30. Bd6 Nf7 31. Qd7 Kg6 32. g4 fxg4 33. dxe4 dxe4 34. Bg3
Rf8 35. Bxe4+ Bxe4 36. c8=Q Rxc8 37. Qxc8 a5 38. Qxg4 Bd5 39. Qa4 Bc3 40. e4
Bb7 41. Qb3 1-0

[Event "2BLW 2122 SG Bochum - SV Koblenz"]
[Site "?"]
[Date "2022.07.02"]
[Round "9.8"]
[White "Gluma, Christian"]
[Black "Bohn, Thomas"]
[Result "1/2-1/2"]
[WhiteElo "2014"]
[BlackElo "2312"]
[PlyCount "97"]
[EventDate "2022.??.??"]

1. e4 e6 2. d4 d5 3. e5 c5 4. c3 Qb6 5. Nf3 Bd7 6. Be2 cxd4 7. cxd4 Ne7 8. O-O
Nf5 9. Nc3 h5 10. a3 Be7 11. b4 g5 12. Be3 g4 13. Ne1 Nxe3 14. fxe3 Bg5 15. Qd3
Nc6 16. Nc2 Ne7 17. e4 Rc8 18. Ne3 Nc6 19. Nc2 Nxe5 20. Qg3 Ng6 21. exd5 O-O
22. Bd1 f5 23. dxe6 Bxe6 24. Na4 Qc7 25. Qxc7 Rxc7 26. Re1 Bc8 27. Ne3 b6 28.
Nb2 Kg7 29. Nec4 Rd8 30. Bb3 Rxd4 31. Rad1 Rcd7 32. Re8 Rxd1+ 33. Nxd1 Ba6 34.
Nde3 Bxe3+ 35. Nxe3 f4 36. Nd5 Bb7 37. Rg8+ Kxg8 38. Nxb6+ Kg7 39. Nxd7 Nh4 40.
Nc5 Bxg2 41. Ne6+ Kh6 42. Nxf4 Bb7 43. Bd5 Bc8 44. b5 Kg5 45. Nd3 Ng6 46. Nb4
Ne7 47. Bc6 Kf4 48. Kf2 Ke5 49. Be8 1/2-1/2

[Event "2BLW 2122 SV 1920 Hofheim - SC Remagen "]
[Site "?"]
[Date "2022.07.03"]
[Round "10.1"]
[White "Parligras, Mircea-Emilian"]
[Black "Sumets, Andrey"]
[Result "1/2-1/2"]
[WhiteElo "2579"]
[BlackElo "2542"]
[PlyCount "45"]
[EventDate "2022.??.??"]

1. d4 Nf6 2. c4 e6 3. Nf3 d5 4. Nc3 c6 5. e3 Nbd7 6. Be2 Bd6 7. O-O O-O 8. b3
b6 9. Bb2 Bb7 10. a4 a5 11. Qc2 Qc7 12. Rad1 Rad8 13. Bd3 Rfe8 14. h3 h6 15.
Rfe1 Bb4 16. Re2 Nf8 17. e4 Bxc3 18. Bxc3 dxe4 19. Bxe4 Nxe4 20. Rxe4 c5 21.
Re3 Ng6 22. dxc5 Qxc5 23. Rd4 {(=)} 1/2-1/2

[Event "2BLW 2122 SV 1920 Hofheim - SC Remagen "]
[Site "?"]
[Date "2022.07.03"]
[Round "10.2"]
[White "Ginsburg, Gennadi"]
[Black "Plat, Vojtech"]
[Result "0-1"]
[WhiteElo "2395"]
[BlackElo "2555"]
[PlyCount "66"]
[EventDate "2022.??.??"]

1. e4 e5 2. Nf3 d6 3. d4 exd4 4. Nxd4 Nf6 5. Nc3 Be7 6. g3 O-O 7. Bg2 a5 8. a4
Na6 9. O-O Re8 10. h3 Bf8 11. Re1 c6 12. Bf4 Nc5 13. Qd2 Ne6 14. Nxe6 Bxe6 15.
Rad1 Qb6 16. Be3 Qb4 17. f4 d5 18. e5 Nd7 19. Kh2 f6 20. exf6 Nxf6 21. Bd4 Bf7
22. Qf2 Nd7 23. Rxe8 Rxe8 24. b3 Bc5 25. Bxc5 Qxc5 26. Qd2 Qe3 27. Qxe3 Rxe3
28. Ne4 Bg6 29. Nd6 Bxc2 30. Rc1 Re2 31. Nxb7 Be4 32. Rg1 d4 33. Nxa5 Nb6 0-1

[Event "2BLW 2122 SV 1920 Hofheim - SC Remagen "]
[Site "?"]
[Date "2022.07.03"]
[Round "10.3"]
[White "Burg, Twan"]
[Black "Womacka, Mathias"]
[Result "1/2-1/2"]
[WhiteElo "2508"]
[BlackElo "2424"]
[PlyCount "45"]
[EventDate "2022.??.??"]

1. d4 Nf6 2. c4 e6 3. Nc3 Bb4 4. Qc2 O-O 5. Nf3 c5 6. dxc5 Na6 7. g3 Nxc5 8.
Bg2 Nce4 9. O-O Nxc3 10. bxc3 Be7 11. e4 d6 12. e5 dxe5 13. Nxe5 Qc7 14. Qe2
Bd6 15. Bf4 Ne8 16. c5 Qxc5 17. c4 Rb8 18. Rab1 f6 19. Nd3 Qxc4 20. Bxd6 Nxd6
21. Rfc1 Qa6 22. Qc2 b5 23. Nb4 {(=)} 1/2-1/2

[Event "2BLW 2122 SV 1920 Hofheim - SC Remagen "]
[Site "?"]
[Date "2022.07.03"]
[Round "10.4"]
[White "Zude, Arno"]
[Black "Dgebuadze, Alexandre"]
[Result "1/2-1/2"]
[WhiteElo "2381"]
[BlackElo "2463"]
[PlyCount "118"]
[EventDate "2022.??.??"]

1. e4 e6 2. d4 d5 3. Nc3 Bb4 4. e5 Ne7 5. a3 Bxc3+ 6. bxc3 c5 7. Qg4 O-O 8. Bd3
Nbc6 9. Qh5 Ng6 10. Ne2 Qa5 11. O-O Qa4 12. dxc5 Ncxe5 13. Be3 Bd7 14. Rfb1
Nxd3 15. cxd3 Qa6 16. d4 b6 17. Nf4 bxc5 18. dxc5 Rac8 19. Nxg6 hxg6 20. Qe5 f6
21. Qd4 Bc6 22. f4 Rce8 23. Rb2 e5 24. Qb4 Rf7 25. Qb3 Qd3 26. Bd2 Rb7 27. Qc2
Qxc2 28. Rxc2 Reb8 29. fxe5 fxe5 30. Re1 Rb2 31. Rec1 Rxc2 32. Rxc2 Rb5 33. Be1
Rxc5 34. Re2 e4 35. Rb2 Kf7 36. Kf2 Ra5 37. Rb3 Ke6 38. Bd2 Bb5 39. Be3 Bc4 40.
Rb7 Rxa3 41. Rxa7 Rxc3 42. Rxg7 Rc2+ 43. Kg3 Re2 44. Bc5 Kf5 45. Rf7+ Ke5 46.
Re7+ Kf6 47. Rb7 Rd2 48. h4 Bf1 49. Rb2 Rxb2 50. Bd4+ Kf5 51. Bxb2 Bb5 52. Kf2
Ba4 53. g3 Bd1 54. Ke3 Ke6 55. Kf4 Kd6 56. Bd4 Kc6 57. g4 Kb5 58. h5 gxh5 59.
gxh5 Bxh5 {(=)} 1/2-1/2

[Event "2BLW 2122 SV 1920 Hofheim - SC Remagen "]
[Site "?"]
[Date "2022.07.03"]
[Round "10.5"]
[White "Jaracz, Pawel"]
[Black "Zude, Erik"]
[Result "1/2-1/2"]
[WhiteElo "2467"]
[BlackElo "2380"]
[PlyCount "41"]
[EventDate "2022.??.??"]

1. e4 c5 2. Nf3 d6 3. d4 cxd4 4. Nxd4 Nf6 5. Nc3 a6 6. Bg5 e6 7. f4 Be7 8. Qf3
Qc7 9. O-O-O Nbd7 10. g4 h6 11. Bxf6 Bxf6 12. h4 Nb6 13. g5 Bxd4 14. Rxd4 Qc5
15. Rd2 Bd7 16. Be2 O-O-O 17. gxh6 Rxh6 18. h5 g6 19. hxg6 Rxh1+ 20. Qxh1 fxg6
21. Rd3 {(=)} 1/2-1/2

[Event "2BLW 2122 SV 1920 Hofheim - SC Remagen "]
[Site "?"]
[Date "2022.07.03"]
[Round "10.6"]
[White "Brendel, Oliver"]
[Black "Polaczek, Richard"]
[Result "1/2-1/2"]
[WhiteElo "2342"]
[BlackElo "2357"]
[PlyCount "96"]
[EventDate "2022.??.??"]

1. c4 e6 2. e4 d5 3. exd5 exd5 4. cxd5 Nf6 5. Bb5+ Nbd7 6. Nc3 Be7 7. d4 O-O 8.
Nf3 Nb6 9. h3 Nbxd5 10. O-O Bf5 11. Bd3 Bxd3 12. Qxd3 c6 13. Bd2 Re8 14. Rfe1
h6 15. a3 Bf8 16. Ne5 Qb6 17. Na4 Qc7 18. Qg3 Nh7 19. Qf3 f6 20. Nd3 Ng5 21.
Qg4 Qf7 22. Nac5 b6 23. h4 h5 24. Qg3 Ne6 25. Nxe6 Rxe6 26. Rxe6 Qxe6 27. Qf3
Re8 28. Qxh5 Qe2 29. Qxe2 Rxe2 30. Rd1 Re4 31. Nb4 Bxb4 32. Bxb4 Rxh4 33. f3
Kf7 34. Be1 Rh8 35. Bg3 Ke6 36. Re1+ Kd7 37. Kf2 g5 38. Kg1 a5 39. b3 Re8 40.
Rxe8 Kxe8 41. Kf2 Kd7 42. Ke2 b5 43. Kd3 f5 44. Be5 Ke6 45. Bb8 Nf4+ 46. Bxf4
gxf4 47. b4 axb4 48. axb4 Kd5 1/2-1/2

[Event "2BLW 2122 SV 1920 Hofheim - SC Remagen "]
[Site "?"]
[Date "2022.07.03"]
[Round "10.7"]
[White "Mainka, Romuald"]
[Black "Fish, Jonathan M"]
[Result "1-0"]
[WhiteElo "2376"]
[BlackElo "2113"]
[PlyCount "73"]
[EventDate "2022.??.??"]

1. e4 c5 2. Nf3 Nc6 3. Bb5 e6 4. O-O Nge7 5. d4 cxd4 6. Nxd4 Qb6 7. Nxc6 bxc6
8. Bd3 Ng6 9. Kh1 e5 10. Nd2 Be7 11. Nc4 Qb7 12. Bd2 d5 13. Na5 Qb6 14. exd5
cxd5 15. c4 Nf4 16. Bc2 O-O 17. cxd5 Ba6 18. Nc6 Bd6 19. Bxf4 Bxf1 20. Be3 Qxb2
21. Rb1 Qc3 22. Rc1 Qc4 23. Bxh7+ Kxh7 24. Rxc4 Bxc4 25. Qc2+ f5 26. Qxc4 Rf7
27. g3 f4 28. Bc5 Bxc5 29. Qxc5 Re8 30. Qc2+ g6 31. gxf4 exf4 32. Kg2 f3+ 33.
Kh3 Re2 34. Qc5 Re1 35. Nd4 Re5 36. Ne6 Rd7 37. Nf8+ 1-0

[Event "2BLW 2122 SV 1920 Hofheim - SC Remagen "]
[Site "?"]
[Date "2022.07.03"]
[Round "10.8"]
[White "Haack, Kevin"]
[Black "Huhndorf, Arnold"]
[Result "1/2-1/2"]
[WhiteElo "2176"]
[BlackElo "2186"]
[PlyCount "67"]
[EventDate "2022.??.??"]

1. d4 Nf6 2. c4 c5 3. d5 g6 4. g3 Bg7 5. Bg2 O-O 6. Nc3 e6 7. dxe6 dxe6 8. Bf4
Qb6 9. Qc1 Bd7 10. Nf3 Bc6 11. O-O Nbd7 12. a4 Qb4 13. Nd1 Nb6 14. Ne5 Bxg2 15.
Bd2 Qb3 16. Kxg2 Nbd7 17. Nxd7 Nxd7 18. a5 b5 19. cxb5 Qxb5 20. Nc3 Qb7+ 21.
Kg1 Rfc8 22. Na4 Qb5 23. Re1 c4 24. Bc3 Rab8 25. Rd1 Nc5 26. Bxg7 Kxg7 27. Nxc5
Rxc5 28. Qc3+ Kg8 29. e3 Rd5 30. Rdc1 Rd3 31. Qe1 Rb3 32. Qe2 Rxb2 33. Qxc4
Qxc4 34. Rxc4 1/2-1/2

[Event "2BLW 2122 SF Neuberg - SG Porz"]
[Site "?"]
[Date "2022.07.03"]
[Round "10.2"]
[White "Lubbe, Melanie"]
[Black "Rotstein, Arkadij"]
[Result "0-1"]
[WhiteElo "2354"]
[BlackElo "2461"]
[PlyCount "56"]
[EventDate "2022.??.??"]

1. e4 c5 2. Nf3 e6 3. d4 cxd4 4. Nxd4 a6 5. Nc3 Qc7 6. Bd3 Nf6 7. f4 b5 8. e5
b4 9. Na4 Nd5 10. O-O Nc6 11. Be4 Nxd4 12. Qxd4 Bb7 13. Kh1 Rc8 14. c3 bxc3 15.
bxc3 Qc4 16. Bd2 Ba3 17. Rab1 O-O 18. Rf3 Ba8 19. Rh3 g6 20. Bxd5 Bxd5 21. Nb6
Rb8 22. Re1 Qxd4 23. cxd4 Rxb6 24. Rxa3 Rb2 25. Rd1 Rc8 26. h3 Rcc2 27. Bc3
Rxg2 28. Bxb2 Rd2+ 0-1